[Event "Belgrade-chTB Quality"]
[Site "Belgrade"]
[Date "2018.10.20"]
[Round "7.6"]
[White "Canak, Milos"]
[Black "Popovic, Ivan M"]
[Result "1-0"]
[WhiteElo "1864"]
[BlackElo "2001"]
[PlyCount "117"]
[EventDate "2018.09.29"]
[EventType "team-tourn"]
[EventRounds "11"]
[EventCountry "SRB"]
[SourceTitle "CBM 187 Extra"]
[Source "ChessBase"]
[SourceDate "2018.11.04"]
[SourceVersion "1"]
[SourceVersionDate "2018.11.04"]
[SourceQuality "1"]
[WhiteTeam "Belgrade BASK"]
[BlackTeam "Belgrade Rakovica"]
[WhiteTeamCountry "SRB"]
[BlackTeamCountry "SRB"]

1. d4 d5 2. Nf3 a6 3. Bf4 Nf6 4. h3 e6 5. e3 c5 6. c3 Nc6 7. Bd3 h6 8. 0-0 Be7 9. Nbd2 c4 10. Bc2 b5 11. a3 Bd6 12. Bxd6 Qxd6 13. e4 dxe4 14. Nxe4 Nxe4 15. Bxe4 Rb8 16. Bxc6+ Qxc6 17. Ne5 Qc7 18. Re1 0-0 19. Re3 f6 20. Ng6 Rd8 21. Qe2 Kf7 22. Rg3 Rd5 23. h4 h5 24. Qe4 Rf5 25. Re1 Qd6 26. f4 Bb7 27. Qe3 Bc6 28. Re2 Bd5 29. Rf2 a5 30. Rf1 b4 31. axb4 axb4 32. Ra1 Qb6 33. Kh2 Qc7 34. Qc1 bxc3 35. bxc3 Be4 36. Qe3 Ra8 37. Qxe4 Rxa1 38. Nh8+ Kg8 39. Qxe6+ Kxh8 40. Qxf5 Ra5 41. Qe4 Qf7 42. Re3 Qc7 43. g3 Rb5 44. f5 Qd7 45. Qe6 Rb2+ 46. Kh3 Qb5 47. Qe8+ Qxe8 48. Rxe8+ Kh7 49. Rc8 Rf2 50. Rxc4 Rxf5 51. Kg2 Kg6 52. Rc7 Ra5 53. Kf3 Ra3 54. d5 Kf5 55. Ke3 Ke5 56. Kd3 Kxd5 57. Rxg7 Ra1 58. Rd7+ Ke6 59. Rh7 1-0

[Event "Belgrade-chTB Quality"]
[Site "Belgrade"]
[Date "2018.09.30"]
[Round "2.7"]
[White "Milinkovic, Slavko"]
[Black "Popovic, Ivan M"]
[Result "1/2-1/2"]
[WhiteElo "1673"]
[BlackElo "2001"]
[PlyCount "85"]
[EventDate "2018.09.29"]
[EventType "team-tourn"]
[EventRounds "11"]
[EventCountry "SRB"]
[SourceTitle "CBM 187 Extra"]
[Source "ChessBase"]
[SourceDate "2018.11.04"]
[SourceVersion "1"]
[SourceVersionDate "2018.11.04"]
[SourceQuality "1"]
[WhiteTeam "Belgrade Turbina"]
[BlackTeam "Belgrade Rakovica"]
[WhiteTeamCountry "SRB"]
[BlackTeamCountry "SRB"]

1. e4 c6 2. Nf3 d5 3. exd5 cxd5 4. d4 Nc6 5. Nc3 Bg4 6. Be2 e6 7. 0-0 Nf6 8. Bg5 Be7 9. Ne5 Bxe2 10. Nxe2 Rc8 11. c3 a6 12. Qd3 Ne4 13. Bxe7 Nxe7 14. f3 Nd6 15. Ng3 h5 16. Qd2 h4 17. Nh1 Nef5 18. Nf2 Nc4 19. Nxc4 Rxc4 20. Rfe1 Rc6 21. Re2 Kf8 22. Rae1 b5 23. Nd3 g6 24. Ne5 Rb6 25. Nd3 Kg7 26. Re5 Rh5 27. Nf4 Rh8 28. Qf2 Qf6 29. Nd3 Rd6 30. a4 Rb6 31. Nc5 Qd8 32. a5 Rc6 33. b4 Qf6 34. Qf1 Rd6 35. R1e2 Rc6 36. Rd2 Qg5 37. Rd3 Qf6 38. f4 Nd6 39. Rh3 Nf5 40. Qf3 Qd8 41. Qg4 Qe7 42. Qe2 Qf6 43. Qf2 1/2-1/2

[Event "Belgrade-chT Quality"]
[Site "Belgrade"]
[Date "2016.10.22"]
[Round "7.1"]
[White "Maric, Dragan"]
[Black "Popovic, Ivan M"]
[Result "1-0"]
[WhiteElo "2184"]
[BlackElo "2039"]
[PlyCount "51"]
[EventDate "2016.10.01"]
[EventType "team-tourn"]
[EventRounds "11"]
[EventCountry "SRB"]
[SourceTitle "EXT 2018"]
[Source "ChessBase"]
[SourceDate "2017.10.13"]
[SourceVersion "1"]
[SourceVersionDate "2017.10.13"]
[SourceQuality "1"]

1. e4 e6 2. d4 d5 3. Nc3 dxe4 4. Nxe4 Nd7 5. Nf3 Ngf6 6. Bd3 c5 7. 0-0 Qc7 8. Qe2 Be7 9. dxc5 Nxc5 10. Nxc5 Bxc5 11. Bg5 Bd6 12. Rad1 Bd7 13. Rfe1 h6 14. Bh4 Ng4 15. Bg3 Bxg3 16. hxg3 0-0 17. Qe4 Nf6 18. Qh4 Bc6 19. Ne5 Nd7 20. Ng4 f5 21. Nxh6+ gxh6 22. Rxe6 Rae8 23. Rxh6 Re4 24. Bxe4 fxe4 25. Qg4+ Kf7 26. Qe6+ 1-0

[Event "Belgrade-chT Quality"]
[Site "Belgrade"]
[Date "2016.10.01"]
[Round "1.1"]
[White "Dikic, Veljko"]
[Black "Popovic, Ivan M"]
[Result "1-0"]
[WhiteElo "2072"]
[BlackElo "2039"]
[PlyCount "91"]
[EventDate "2016.10.01"]
[EventType "team-tourn"]
[EventRounds "11"]
[EventCountry "SRB"]
[SourceTitle "EXT 2018"]
[Source "ChessBase"]
[SourceDate "2017.10.13"]
[SourceVersion "1"]
[SourceVersionDate "2017.10.13"]
[SourceQuality "1"]

1. e4 e5 2. Nc3 Nf6 3. Bc4 Bc5 4. d3 Nc6 5. f4 d6 6. Nf3 Nd4 7. fxe5 Nxf3+ 8. Qxf3 dxe5 9. Bg5 c6 10. Qg3 Qd4 11. Rf1 Be7 12. Be3 Qd6 13. Qxg7 Rf8 14. Bg5 Nd7 15. Bxf7+ Kd8 16. 0-0-0 Bxg5+ 17. Qxg5+ Kc7 18. Ne2 Nc5 19. Rf6 Be6 20. Rdf1 a5 21. Qh6 Qe7 22. Bxe6 Nxe6 23. Rxf8 Rxf8 24. Rxf8 Nxf8 25. Qe3 Qh4 26. Qg3 Qe7 27. c3 Kb6 28. Qe3+ Ka6 29. d4 Ng6 30. g3 Qf6 31. Qd3+ Ka7 32. d5 cxd5 33. exd5 Nf8 34. c4 Nd7 35. Qe3+ b6 36. Kd2 Nc5 37. Nc3 Qg6 38. a3 a4 39. Qe2 e4 40. Nb5+ Kb7 41. d6 Kc6 42. Qe3 Qf6 43. Kc2 Qf1 44. Qd4 Qg2+ 45. Qd2 Qf3 46. Nd4+ 1-0